000 00794nam a22002177a 4500
003 UA-OsUOA
001 77255
007 ta
008 20110906b un ||||| |||| 00| 0 ukr d
100 _aИншакова Н.Г.
090 _a659
_bИ74
942 _cSA
040 _aUA-OsUOA
_brus
_cUA-OsUOA
_dUA-OsUOA
245 _aОсобенности редактирования рекламных текство
300 _aС.28-38
955 _a0
041 _arus
080 _a659
773 0 _w77253
_tВестник Московского университета. Серия 10. Журналистика
_dМ.
_d2011
_g2
650 7 _a659 Реклама. Система інформації. Громадська інформація та реклама (Паблик-Рилейшнз)
_2UDC
999 _c363553
_d363553